000 00608nam a2200253Ia 4500
003 OSt
005 20221007111358.0
006 a|||||r|||| 00| 0
007 ta
008 221006b |||||||| |||| 00| 0 eng d
024 _a23,394
037 _cTextual
040 _aLCO
_cLCO
_beng
041 _2eng
_aeng
082 _aV2:2, L9
100 _aPylee M.V
245 0 _aIndia's Constitution
250 _a3rd
260 _aBombay
_bAsia Publication India
_c1979
300 _a471
650 _aCONSTITUTION
942 _hV2:2, L9
_cTEXL
999 _c1192957
_d1192957